Statistics for Ultimate Cities Quiz (USA)

Click here to take the quiz!

General Stats

  • This quiz has been taken 1,519 times
    (1,492 since last reset)
  • The average score is 130 of 280

Answer Stats

StateCityHint% Correct
HawaiiHonoluluCapital, Biggest
91%
WashingtonSeattleBiggest, Seahawks, Mariners
89%
CaliforniaLos AngelesBiggest, 2nd Biggest in USA, Lakers, Clippers, Angels, Dodgers, Kings
87%
CaliforniaSan FranciscoGolden Gate Bridge, Alcatraz, Giants, 49ers, Warriors
86%
CaliforniaSan Diego2nd Largest, Chargers, Padres
85%
AlaskaAnchorageBiggest
84%
MainePortlandBiggest, city motto is 'I Will Rise Again' (burned down 4 times)
84%
OregonPortlandBiggest, Trailblazers
84%
AlaskaJuneauCapital
83%
CaliforniaSacramentoCapital, Kings
81%
NevadaLas VegasBiggest, Casinos
80%
ColoradoDenverCapital, Largest, Broncos, Nuggets, Avalanche, Rockies
79%
TexasDallas3rd Largest, Cowboys, Mavericks, Stars
78%
ArizonaPhoenixCapital, Biggest, Coyotes, Diamondbacks, Suns
78%
IllinoisChicagoBiggest, White Sox, Cubs, Blackhawks, Bears, Bulls
77%
TexasHoustonBiggest, Astros, Texans, Rockets
77%
OregonSalemCapital
77%
MassachusettsSalemWitches
77%
North CarolinaWinston-Salem'Twin City' 'City of Arts and Innovation' 'The Camel City'
77%
TexasAustinCapital
76%
MichiganDetroitBiggest, Lions, Red Wings, Tigers, Pistons
76%
MississippiJacksonCapital, Biggest
76%
WyomingJacksonSkiing, gateway to Grand Teton and Yellowstone
76%
KansasKansas City2nd Largest, split with Missouri, Chiefs, Royals
76%
MissouriKansas CitySplit with Kansas, 2nd Largest City, Chiefs, Royals
76%
FloridaMiami2nd Largest, Dolphins, Marlins, Heat, Panthers
76%
New YorkNew York CityBiggest US City, Jets, Giants
75%
FloridaOrlandoDisney Workd, Magic
75%
UtahSalt Lake CityCapital, Biggest, Jazz
75%
CaliforniaSan JoseSilicon Valley, Sharks
75%
GeorgiaAtlantaCapital, Biggest, Braves, Hawks, Falcons
74%
LouisianaNew OrleansBiggest City, Mardigras, Saints, Pelicans
74%
IndianaIndianapolisCapital, Biggest, Pacers, Colts
73%
TennesseeNashvilleCapital, 2nd Largest, Music, Titans, Predators
73%
OklahomaOklahoma CityCapital, Biggest, Thunder
73%
GeorgiaColumbus3rd Largest
71%
OhioColumbusCapital, Biggest City Population, Blue Jackets
71%
PennsylvaniaPhiladelphiaBiggest, Liberty Bell, Eagles, Flyers, 76ers, Phillies
71%
TexasSan Antonio2nd Largest, Spurs
71%
FloridaTampa Bay3rd Largest, Rays, Lightning, Buccaneers
71%
IdahoBoiseCapital, Biggest
70%
FloridaJacksonvilleBiggest, Jaguars
70%
MinnesotaMinneapolisBiggest
70%
CaliforniaOaklandRaiders, Athletics
70%
WashingtonOlympiaCapital
70%
MassachusettsBostonCapital, Biggest, Red Sox, Patriots, Bruins, Celtics
69%
OhioClevelandBiggest Metro Population, Rock and Roll HOF, Indians, Cavaliers, Browns
69%
CaliforniaHollywoodMovies
69%
TennesseeMemphisBiggest, Grizzlies
69%
MissouriSaint LouisBiggest, Cardinals, Rams, Blues
69%
TexasEl PasoWest Texas, 'The Pass'
68%
District of ColumbiaWashingtonUSA Capital, Redskins, Capitals, Wizards, Nationals
68%
New MexicoAlbuquerqueBiggest
67%
LouisianaBaton RougeCapital
67%
MassachusettsSpringfield3rd Largest, Birthplace of Basketball, Armory
67%
IllinoisSpringfieldCapital
67%
MissouriSpringfield"Queen City of the Ozarks", 3rd Largest
67%
MarylandBaltimoreBiggest, Ravens, Orioles
66%
New MexicoSanta FeCapital
66%
FloridaTallahasseeCapital
66%
New YorkAlbanyCapital
65%
North CarolinaCharlotteBiggest, Hurricanes, Panthers, Hornets
65%
ArkansasLittle RockCapital, Biggest
65%
PennsylvaniaPittsburgh2nd Largest, Steel City, Pirates, Penguins, Steelers
65%
WyomingCheyenneCapital, Largest
64%
OhioCincinnati3rd Largest Metro and 3rd Largest City, Reds, Bengals
64%
IowaDes MoinesCapital, Biggest
64%
WisconsinMilwaukeeBiggest, Beer, Brewers, Bucks
64%
CaliforniaAnaheimBiggest City suburb, The Ducks
63%
MontanaHelenaCapital
63%
NebraskaLincolnCapital
63%
North CarolinaRaleighCapital, 2nd Largest, 'City of Oaks'
63%
MinnesotaSaint PaulCapital, 2nd Largest
63%
West VirginiaCharlestonCapital, Biggest
62%
South CarolinaCharleston2nd Largest, 'Americas Friendlist City'
62%
ColoradoColorado SpringsNORAD
62%
NevadaRenoThe Biggest Little City
62%
VirginiaRichmondCapital, Capital of Confederate America
62%
ArizonaTucson2nd Largest
62%
New YorkBuffalo2nd Largest, Great Lakes, Bills, Sabres
61%
NevadaCarson CityCapital
61%
KentuckyLouisvilleBiggest, Baseball HOF
61%
NebraskaOmahaBiggest
61%
AlaskaFairbanks2nd Largest
60%
TexasFort Worth3rd Largest City Suburb, Rangers
60%
CaliforniaFresno'Ash Tree' Largest non Coastal city in California
60%
AlabamaBirminghamBiggest, 'The Magic City' 'The Pittsburgh of the South'
59%
WisconsinMadisonCapital, 2nd Largest
59%
AlabamaMontgomeryCapital, 2nd Largest
59%
OklahomaTulsa2nd Largest
59%
North DakotaBismarckCapital, 2nd Largest
58%
MichiganLansingCapital
58%
GeorgiaAugusta2nd Largest, The Masters Golf Tourament
57%
MaineAugustaCapital
57%
South CarolinaColumbiaCapital, Biggest
57%
MarylandColumbia2nd Largest, 2nd wealthiest county in US
57%
KansasTopekaCapital
57%
WashingtonVancouverCanadien Twin city namesake
57%
KansasWichitaBiggest
56%
DelawareDoverCapital, 2nd largest
55%
CaliforniaLong Beach2nd Biggest US port by volume
55%
South DakotaPierreCapital
55%
Rhode IslandProvidenceCapital, Biggest
55%
New JerseyTrentonCapital
55%
WisconsinGreen BayPackers
54%
WashingtonSpokane2nd Largest, Founded by the 'Children of the Sun'
54%
New YorkBrooklynOne of the five NYC boroughs, Islanders, Nets
53%
TexasCorpus ChristiThe Body of Christ
53%
PennsylvaniaHarrisburgCapital
53%
New YorkManhattanOne of the five NYC boroughs, Rangers, Knicks
53%
NevadaNorth Las Vegas2nd Largest
53%
GeorgiaSavannahOldest city in Georgia
53%
VirginiaVirginia BeachBiggest, Longest pleasure beach in the world
53%
MarylandAnnapolisCapital
52%
OhioDaytonWright Brothers, Air Force Museum
52%
KentuckyFrankfortCapital
52%
ConnecticutHartfordCapital, 'Insurance Capital of the World'
52%
MissouriJefferson CityCapital
52%
New JerseyNewarkBiggest, US largest collection of Cherry blossom trees
52%
VirginiaArlingtonDC Suburb, Pentagon
51%
TexasArlington3rd Largest City Suburb
51%
North DakotaFargoBiggest
51%
New YorkQueensOne of the five NYC boroughs, Mets
51%
New JerseyAtlantic CityCasinos
50%
New YorkBronxOne of the five NYC boroughs, Yankees
50%
WashingtonTacomaNamed for Mount Rainiers original name
50%
MinnesotaRochester2nd largest city outside Capital Metro area
49%
New YorkRochester'Worlds Image Center' 'The Flour City' 'The Flower City' 'Photonics Capital of the World'
49%
South DakotaSioux FallsBiggest
49%
OregonEugene2nd Largest
48%
New JerseyJersey City3rd Largest, State namesake
48%
ArizonaMesaAdvanced prehistoric Canal system
48%
OhioToledoLake Erie, 4th Largest
48%
AlabamaMobile3rd Largest, Alabamas only saltwater port
47%
TexasAmarilloLargest city in the Texas panhandle, 'Yellow'
46%
CaliforniaBakersfield9th Largest
46%
ColoradoBoulderHippies, University of Colorado
46%
Puerto RicoSan JuanCapital, Biggest
46%
MichiganAnn ArborMichigan University
45%
MontanaBillingsLargest
45%
FloridaFort LauderdaleNamed for a series of forts built during the Second Seminole War
45%
FloridaKey WestSouthernmost continental US City
45%
TennesseeKnoxvilleOriginal Capial of Tennessee, 3rd Largest
45%
CaliforniaPasadenaRose Bowl
45%
New YorkStaten IslandOne of the five NYC boroughs
45%
OhioAkron"Rubber City" 'City of Invention'
44%
ColoradoAspenSkiing
44%
ColoradoAuroraCapitals largest suburb
44%
IllinoisAurora2nd Largest
44%
New HampshireConcordCapital
44%
MichiganGrand Rapids2nd Largest
44%
KentuckyLexington2nd Largest
43%
VermontMontpelierCapital
43%
New YorkSyracuse5th largest, selfnamed university, major central NY crossroads
43%
CaliforniaSan BernardinoPart of the 'Inland Empire'
42%
North CarolinaDurhamResearch Triangle, Duke, UNC
41%
HawaiiHiloBiggest City on Hawaii Island
41%
UtahProvoLatter day Saints
41%
CaliforniaRiversideFounding oc Californias Citrus Industry, Biggest City suburb
41%
New MexicoRoswellAliens
41%
TexasWacoATF Fiasco
41%
MinnesotaDuluthLake Superior
40%
PennsylvaniaErie'Flagship City' 'Gem City' Great Lake namesake
40%
IndianaFort Wayne2nd Largest
40%
FloridaSaint Petersburg'The Sunshine City' Guiness Book of World Records for consecutive sunshine days (768 days)
40%
FloridaDaytona BeachNASCAR HQ, Motorsports mecca
39%
New MexicoLas CrucesCity of Crosses
39%
VirginiaNorfolk2nd Largest, Biggest Naval base in the world
39%
CaliforniaBerkeleyOldest University of California
38%
North CarolinaGreensboro23 time ACC basketball tournement host, 4 time NCAA final 4 host
38%
TexasLaredoNuevo Laredo Twin
38%
DelawareWilmingtonBiggest
38%
PennsylvaniaGettysburgFamous Civil War Battle namesake
37%
ConnecticutNew Haven2nd Largest, 'The Elm City', Yale University
37%
New YorkNiagara FallsFamous Falls
37%
TennesseeChattanoogaClaims to have fastest internet in western hemisphere, 'scenic city'
36%
MichiganFlint'Vehicle City' one of the most dangerous US cities
36%
New HampshireManchesterBiggest
36%
CaliforniaSanta Ana4th densest populated city in US
36%
WyomingCasper2nd Largest
35%
IowaCedar Rapids2nd Largest
35%
NevadaHendersonBiggest City Suburb
35%
TexasLubbock'Hub City'
35%
Rhode IslandNewportNew England summer resort town, home to the US Naval War College
35%
MassachusettsWorcester2nd Largest, pronounced 'Wuss-ta'
35%
ArizonaYuma3:10 to
35%
TexasGalvestonMajor Port, once the Capital of the Republic of Texas
34%
ArizonaGlendaleCollege Bowl Games, Multiple Super Bowls Host, Cardinals
34%
PennsylvaniaHersheyChocolate
34%
LouisianaShreveport3rd Largest, Red River
34%
CaliforniaStocktonHome to minor League affiliates of Calgary Flames and Oakland As
34%
TexasBrownsvilleMatamoros Twin, Site of man battles during the Mexican-American War
33%
MassachusettsCambridgeAcross the Charles from Capital, Harvard, MIT
33%
New JerseyEdisonNamed in honor of Thomas Edison
33%
ArizonaScottsdale'The desert version of Miami beach'
33%
New YorkYonkers'Empire City' 'Central Ave' Home to DMX
33%
CaliforniaIrvine"to create and maintain a community where people can live, work, and play in an environment that is safe, vibrant, and aesthetically pleasing"
32%
South CarolinaMyrtle BeachVacation City, estimated 14million visitors per year
32%
VirginiaAlexandriaDC Suburb
31%
VermontBurlingtonBiggest, Lake Champlain, Nessy
31%
AlabamaHuntsville2nd Largest Metro area, NASAs Marshall Space Flight Center
31%
LouisianaLafayette'The Hub City', founded as Vermilionville
31%
IllinoisPeoria"Will it play"
31%
TexasPlanoMajor center of Corporate HQs
31%
MassachusettsPlymouth'Americas Hometown' Pilgrim landing spot
31%
WashingtonBellevueBiggest suburb of biggest city
30%
North CarolinaFayettevilleFort Bragg
30%
ColoradoFort CollinsInspiration for 'Main Street USA', Colorado State University
30%
MontanaMissoula2nd Largest, 'Hub of Five Valleys'
30%
South DakotaRapid City2nd Largest
30%
GeorgiaMacon'The Heart of Georgia'
29%
TexasMcallenReynosa Twin
29%
UtahOgdenRailway hub, Wasatch Mountains
29%
PennsylvaniaAllentown3rd Largest, fastest growing city in Pennsylvania
28%
MontanaBozemanCollege town, 'valley fo flowers'
28%
ConnecticutBridgeportBiggest, birthplace of Subway and the Frisbee
28%
West VirginiaHuntington2nd Largest
28%
FloridaPensacola'City of Five Flags', Westernmost Florida City, First Naval Air Station
28%
ArizonaTempeFormerly known as 'Haydens Ferry'
28%
ArizonaChandlerTech Hub (Intel, Ebay, BoA)
27%
IowaDavenportBiggest of the Quad Cities
27%
KansasOverland ParkSuburb of 2nd largest in Kansas and 2nd largest in Missouri
27%
FloridaSaint AugustineOldest continuously occupied European established settlement in the US
27%
CaliforniaChula Vista2nd Largest Cities largest suburb
26%
TexasIrving3rd Largest City suburb, International airport, high concentration of Fortune 500 companies
26%
CaliforniaModestoSet locaiton of American Graffiti
26%
IdahoNampa2nd Largest
26%
OklahomaNormanHome to the NOAA Storm Prediction Center, 3rd Largest
26%
ColoradoPuebloLocated in the 'Banana Belt', 'Steel City'
26%
VirginiaChesapeake3rd Largest
25%
FloridaHialeah2nd largest city suburb, biggest population of Cubans in the US (74%)
25%
CaliforniaHuntington Beach'Surf City' Miles of Beach
25%
IndianaEvansville3rd Largest, 'Crecent Valley' 'River City'
24%
FloridaFort Myers'Gateway to Southwest Florida' Winter homes of Henry Ford and Thomas Edison
24%
ArkansasFort Smith2nd Largest
24%
New YorkIthacaCornell
24%
MaineBangor3rd Largest
23%
AlaskaKetchikanSouth Eastern most city, 'Salmon Capital of the world'
23%
HawaiiPearl CityCapital Suburb
23%
UtahWest Valley City2nd Largest, Suburb of Capital
23%
ArkansasHot SpringsOldest Federal Reserve, 'spa town'
22%
FloridaNaples2nd most millionaires per capita in US
22%
CaliforniaOxnardVoted one of the Safest and Highest income cities in America
22%
VirginiaRoanokeFounded as a town called 'Big Lick'
22%
ConnecticutStamford3rd Largest, Largest financial center in NYC metro outside of NYC itself
22%
North CarolinaAshevilleHome to the worlds largest active archive of weather data (NCDC)
21%
KentuckyBowling GreenConfederate Kentucky Capital, Source of all Chevy Corvettes since 81, 3rd Largest
21%
TennesseeClarksvilleTennessees first incorporated city, 101st airborne
21%
ArizonaGilbertMost Populous incorporated town in the US, 'Hay shipping capital of the world'
21%
MississippiGulf Port2nd Largest
21%
WashingtonKentHome to hundreds of major companies
21%
IdahoMeridian3rd Largest, Fastest growing
21%
VirginiaNewport NewsShip building
21%
New JerseyPaterson'Silk City', 2nd highest population density in US, 2nd highest Muslim population in US
21%
New YorkUticaOriginall a river settlement inhabited by the Mohawk Tribe
21%
FloridaBoca RatonSpring Break
20%
FloridaCape Coral'Waterfront Wonderland' More miles of canals than any other city in the world (400mi)
20%
CaliforniaFremontNamed for the American Explorer called 'The Great Pathfinder'
20%
TexasGarlandKing of the Hill inspiration city
20%
New HampshireNashua2nd Largest, Only city to be named '#1 Best place to live in America' twice
20%
North CarolinaCaryResearch Triangle, one of the safest US cities
19%
OregonGreshamNamed for the American Civil War Postmaster General
19%
South CarolinaHilton Head IslandYear round population of under 40k swells to 275K during vacation months
19%
MaineLewiston2nd Largest
18%
TexasMckinneyNations fastest growing city for 4 years since 2000
18%
FloridaPort St LucieHome of Garth Brooks, Megan Fox, Vanilla Ice
18%
CaliforniaMoreno ValleyPart of the Inland Empire
17%
ArizonaPrescottArizona Capital from 1864-67 and 1877-89
17%
Rhode IslandWarwick2nd Largest, home to many American Generals througout history
17%
CaliforniaFontanaMajor trucking hub
15%
New YorkWhite PlainsCity population of under 60k with a daytime workday population of 250K
15%
American SamoaPago PagoCapital, Biggest
14%
Northern Mariana IslandsSaipanCapital, Biggest
14%
Puerto RicoCarolina3rd Largest, home to PRs main airport
13%
US Virgin IslandsCharlotte AmalieCapital, Biggest
13%
MassachusettsFall RiverOnce the US lead textile manufacturer, Battleship Cove (worlds largest collection of WW2 naval ships)
13%
GuamHagatnaCapital
13%
Puerto RicoPonceBiggest city outside capital metro area, 'The Lordly City'
13%
Puerto RicoBayamon2nd Largest
12%
GuamDededoBiggest
11%

Score Distribution

Percentile by Number Answered

Percent of People with Each Score

Your Score History

You have not taken this quiz since the last reset